Statistics for P-vel kezdődő országok zászlói

Click here to take the quiz!

General Stats

  • This quiz has been taken 4 times
  • The average score is 4 of 7

Answer Stats

Answer% Correct
Pakisztán
100%
Portugália
100%
Panama
67%
Pápua Új-Guinea
67%
Peru
67%
Palau
0%
Paraguay
0%

Score Distribution

Percentile by Number Answered

Percent of People with Each Score

Your Score History

You have not taken this quiz